| 000 | 00507nam a2200181Ia 4500 | ||
|---|---|---|---|
| 999 |
_c28449 _d28449 |
||
| 003 | OSt | ||
| 005 | 20201231123844.0 | ||
| 008 | 190216s9999||||xx |||||||||||||| ||und|| | ||
| 020 | _a9788171800575 | ||
| 040 | _coclc | ||
| 082 |
_a894.812301 _bKUM/P |
||
| 100 |
_aKumaran, U K _96528 |
||
| 245 | 0 |
_aPavam Kallan / _cU K Kumaran |
|
| 260 |
_bPoorna Publications, _aKozhikode: _c2001. |
||
| 300 | _a64p | ||
| 650 | _aKathakal | ||
| 942 |
_cBK _2ddc _h894.812301 _iKUM/P _k894.812301 _mKUM/P |
||